<?xml version="1.0" encoding="UTF-8"?>
<record
    xmlns:xsi="http://www.w3.org/2001/XMLSchema-instance"
    xsi:schemaLocation="http://www.loc.gov/MARC21/slim http://www.loc.gov/standards/marcxml/schema/MARC21slim.xsd"
    xmlns="http://www.loc.gov/MARC21/slim">

  <leader>00750cam a2200217 a 4500</leader>
  <controlfield tag="003">OSt</controlfield>
  <controlfield tag="005">20140724172007.0</controlfield>
  <controlfield tag="008">140724s2014    sp a   ||     001 0dspa|d</controlfield>
  <datafield tag="017" ind1=" " ind2=" ">
    <subfield code="a">DL M. 32481-2008</subfield>
  </datafield>
  <datafield tag="020" ind1=" " ind2=" ">
    <subfield code="a">9788487641343</subfield>
  </datafield>
  <datafield tag="040" ind1=" " ind2=" ">
    <subfield code="b">cat</subfield>
    <subfield code="c">CDMR</subfield>
  </datafield>
  <datafield tag="100" ind1="1" ind2=" ">
    <subfield code="a">Olmos, V&#xED;ctor</subfield>
    <subfield code="9">1101</subfield>
  </datafield>
  <datafield tag="245" ind1="1" ind2="3">
    <subfield code="a">La Casa de los periodistas</subfield>
    <subfield code="b">: Asociaci&#xF3;n de la Prensa de Madrid, 1951-1978 </subfield>
    <subfield code="c">V&#xED;ctor Olmos</subfield>
  </datafield>
  <datafield tag="260" ind1=" " ind2=" ">
    <subfield code="a">Madrid </subfield>
    <subfield code="b">Asociaci&#xF3;n de la Prensa de Madrid</subfield>
    <subfield code="c">2008</subfield>
  </datafield>
  <datafield tag="300" ind1=" " ind2=" ">
    <subfield code="a">766 p., [64] p. de l&#xE0;m. </subfield>
    <subfield code="b">il. </subfield>
    <subfield code="c">25 cm</subfield>
  </datafield>
  <datafield tag="504" ind1=" " ind2=" ">
    <subfield code="a">Bibliografia. &#xCD;ndex</subfield>
  </datafield>
  <datafield tag="610" ind1="2" ind2="4">
    <subfield code="a">Asociaci&#xF3;n de la Prensa de Madrid</subfield>
    <subfield code="x">Hist&#xF2;ria</subfield>
    <subfield code="9">87</subfield>
  </datafield>
  <datafield tag="650" ind1="0" ind2="4">
    <subfield code="a">Periodisme</subfield>
    <subfield code="z">Madrid (Madrid)</subfield>
    <subfield code="x">Societats, etc.</subfield>
    <subfield code="9">382</subfield>
  </datafield>
  <datafield tag="710" ind1="2" ind2=" ">
    <subfield code="a">Asociaci&#xF3;n de la Prensa de Madrid</subfield>
    <subfield code="9">87</subfield>
  </datafield>
  <datafield tag="942" ind1=" " ind2=" ">
    <subfield code="c">MON</subfield>
  </datafield>
  <datafield tag="999" ind1=" " ind2=" ">
    <subfield code="c">6751</subfield>
    <subfield code="d">6751</subfield>
  </datafield>
  <datafield tag="952" ind1=" " ind2=" ">
    <subfield code="0">0</subfield>
    <subfield code="1">0</subfield>
    <subfield code="4">0</subfield>
    <subfield code="7">0</subfield>
    <subfield code="a">CDMR</subfield>
    <subfield code="b">CDMR</subfield>
    <subfield code="d">2014-07-24</subfield>
    <subfield code="e">Intercanvi</subfield>
    <subfield code="g">50.00</subfield>
    <subfield code="l">0</subfield>
    <subfield code="o">Dt 15/47</subfield>
    <subfield code="p">CDMR1407301266</subfield>
    <subfield code="r">2014-07-24</subfield>
    <subfield code="v">50.00</subfield>
    <subfield code="w">2014-07-24</subfield>
    <subfield code="y">MON</subfield>
  </datafield>
</record>
